Việt Nam thi văn trích giảng Sách tham khảo

Đã lưu trong:
書目詳細資料
主要作者: Tạ Ký
格式: 圖書
語言:Vietnamese
出版: Đồng Tháp Nxb. TH. Đồng Tháp 1994
標簽: 添加標簽
沒有標簽, 成為第一個標記此記錄!
Thư viện lưu trữ: Mạng thư viện Đại học Đà Nẵng
LEADER 00881nam a2200265 4500
001 000014506
003 10873
005 20120507090501.0
008 120507s1994 viesd
041 0 |a vie 
082 |a 895.92209  |b TA-K 
100 0 |a Tạ Ký 
245 0 |a Việt Nam thi văn trích giảng  |b Sách tham khảo  |c Tạ Ký 
260 |a Đồng Tháp  |b Nxb. TH. Đồng Tháp  |c 1994 
300 |a 448 tr.  |c 21cm 
OWN |a LSP 
AVA |a UDN50  |b LSP  |d 895.92209 TA-K  |e available  |t Error 5001 Not defined in file expand_doc_bib_avail.  |f 1  |g 0  |h N  |i 0  |k 1 
999 |a From the UDN01 
AVA |a UDN50  |b LSP  |d 895.92209 TA-K  |e available  |t Error 5001 Not defined in file expand_doc_bib_avail.  |f 1  |g 0  |h N  |i 0  |k 1 
TYP |a Monograph 
TYP |a Printed language 
980 |a Mạng thư viện Đại học Đà Nẵng